Spring Snow : (Record no. 597489)

MARC details
000 -LEADER
fixed length control field 00475nam a2200193 a 4500
008 - FIXED-LENGTH DATA ELEMENTS--GENERAL INFORMATION
fixed length control field 251113s1999##################000#0#eng##
020 ## - INTERNATIONAL STANDARD BOOK NUMBER
ISBN 9780099282990
082 04 - DEWEY DECIMAL CLASSIFICATION NUMBER
Classification number 895.635MIS
100 1# - MAIN ENTRY--AUTHOR NAME
Personal name Mishima, Yukio,
245 10 - TITLE STATEMENT
Title Spring Snow :
260 ## - PUBLICATION, DISTRIBUTION, ETC. (IMPRINT)
Name of publisher Random House,
Year of publication 1999.
300 ## - PHYSICAL DESCRIPTION
Number of Pages 402 pages
650 #0 - SUBJECT ADDED ENTRY--TOPICAL TERM
Topical Term Fiction.
942 ## - ADDED ENTRY ELEMENTS (KOHA)
Koha item type English Books
Holdings
Withdrawn status Lost status Damaged status Not for loan Home library Current library Date acquired Full call number Accession Number Price effective from Koha item type
        Anna Centenary Library Anna Centenary Library 14.11.2025 895.635MIS 339495 14.11.2025 English Books

Find us on the map